000 00690nam a2200181 4500
001 144983
003 ES-MaACL
005 20230906201135.0
007 t|
008 070214s1912 xxk r ||||1| eng d
080 _a224.21"17"
100 1 _aSmith, William Robertson.
_9106934
245 1 4 _aThe prophets of Israel and their place in History
_b: to the close of the eighth century B. C. /
_cby the late W. Robertson Smith ; with introduction and additional notes by T. K. Cheyne.
260 _aLondon :
_bA. and C. Black,
_c1912 (
_eEdinburgh :
_fNeill and Co.)
300 _aLVIII, 446 p. ;
_c21 x 13 cm.
700 1 _aCheyne, T. K. (
_qThomas Kelly)
_938446
852 _aES-MaACL
_jC-739
999 _c144983
_d144983